<?xml version="1.0" encoding="UTF-8"?>
<marc:record xmlns:marc="http://www.loc.gov/MARC21/slim">
   <marc:leader>00000nam a2200000 a 4500</marc:leader>
   <marc:datafield ind1=" " ind2=" " tag="653">
      <marc:subfield code="a">S||Kriegsberichterstattung</marc:subfield>
   </marc:datafield>
   <marc:datafield ind1=" " ind2=" " tag="653">
      <marc:subfield code="a">S||Journalismus</marc:subfield>
   </marc:datafield>
   <marc:datafield ind1=" " ind2=" " tag="653">
      <marc:subfield code="a">Zukunft</marc:subfield>
   </marc:datafield>
   <marc:datafield ind1="0" ind2="0" tag="245">
      <marc:subfield code="a">Gute Medien - Böser Krieg?</marc:subfield>
   </marc:datafield>
   <marc:datafield ind1="0" ind2="0" tag="245">
      <marc:subfield code="b">Medien am schmalen Grat zwischen Cheerleadern des Militärs und Friedensjournalismus</marc:subfield>
   </marc:datafield>
   <marc:datafield ind1="0" ind2="0" tag="245">
      <marc:subfield code="c">Hrsg. v. Österr. Studienzentrum für Frieden u. Konfliktlösung</marc:subfield>
   </marc:datafield>
   <marc:datafield ind1=" " ind2="1" tag="264">
      <marc:subfield code="a">Wien</marc:subfield>
      <marc:subfield code="b">LIT-Verl.</marc:subfield>
      <marc:subfield code="c">2007</marc:subfield>
   </marc:datafield>
   <marc:datafield ind1="1" ind2=" " tag="520">
      <marc:subfield code="a">Die Veränderungen der Kriegsberichterstattung ist Thema des vom Österreichischen Studienzentrum für Frieden und Konfliktlösung herausgegebenen Bandes "Gute Medien - Böser Krieg?", der auf die 23. Internationale Sommerakademie auf Burg Schlaining (Burgenland) zurückgeht. Namhafte AutorInnen wie Freimut Duve (über die neue gesteigerten Anforderungen an die journalistische Professionalität und Wachsamkeit gegenüber den sich verstärkenden Tendenzen zur Korruption), Karin Kneissl (über die sich stark wandelnde journalistische Szene in der islamischen Welt) oder Thomas Seifert (Objektivität und Manipulation in der Kriegs- und Krisenberichterstattung) nehmen darin Stellung.</marc:subfield>
   </marc:datafield>
   <marc:datafield ind1=" " ind2=" " tag="020">
      <marc:subfield code="a">9783700006138</marc:subfield>
      <marc:subfield code="9">9783700006138</marc:subfield>
   </marc:datafield>
   <marc:datafield ind1=" " ind2=" " tag="020">
      <marc:subfield code="a">3700006136</marc:subfield>
      <marc:subfield code="9">3700006136</marc:subfield>
   </marc:datafield>
   <marc:datafield ind1=" " ind2=" " tag="300">
      <marc:subfield code="a">176 S.</marc:subfield>
   </marc:datafield>
</marc:record>
